[Event "4NCL/Div2c/PPA2 vs. BARY"]
[Site "Sunningdale ENG"]
[Date "2010.05.01"]
[Round "9.3"]
[White "Doci, Stefan"]
[Black "Ynojosa, Felix Jose"]
[Result "0-1"]
[WhiteElo "2071"]
[BlackElo "2165"]
[PlyCount "78"]
[EventDate "2010.05.01"]
[SourceDate "2009.10.24"]

1. d4 Nf6 2. Nf3 e6 3. b3 b6 4. e3 Bb7 5. Bd3 d5 6. Bb2 c5 7. O-O Nc6 8. Nbd2
Bd6 9. c4 O-O 10. Ne5 cxd4 11. exd4 dxc4 12. Ndxc4 Be7 13. Rc1 Nb4 14. Bb1 Rc8
15. f4 Nbd5 16. Qd3 b5 17. Nd2 Rxc1 18. Bxc1 Nb4 19. Qe3 Qa5 20. f5 Nbd5 21.
Qh3 exf5 22. Bxf5 g6 23. Bb1 Qc3 24. Ndf3 Bc8 25. Qh4 Ng4 26. Qg3 Nxe5 27. dxe5
Ne3 28. Re1 Ng4 29. Kh1 Bc5 30. Bd2 Qb2 31. Rf1 Nf2+ 32. Rxf2 Qxb1+ 33. Be1
Bxf2 34. Qxf2 Bg4 35. h3 Bxf3 36. gxf3 Rc8 37. Qh4 Qxa2 38. Bb4 Rc1+ 39. Be1
Qd2 0-1

[Event "4NCL/Div2c/PPA2 vs. BARY"]
[Site "Sunningdale ENG"]
[Date "2010.05.01"]
[Round "9.4"]
[White "Coleman, David J"]
[Black "Hutchinson, Norman A"]
[Result "1/2-1/2"]
[WhiteElo "2239"]
[BlackElo "2092"]
[PlyCount "78"]
[EventDate "2010.05.01"]
[SourceDate "2009.10.24"]

1. e4 c6 2. d4 d5 3. exd5 cxd5 4. c4 Nf6 5. Nc3 Nc6 6. Bg5 dxc4 7. Bxc4 Qxd4 8.
Qxd4 Nxd4 9. O-O-O e5 10. Nf3 Nxf3 11. gxf3 Be6 12. Bxe6 fxe6 13. Rhe1 Kf7 14.
Rxe5 h6 15. Be3 a6 16. Kb1 Be7 17. Bc1 Rac8 18. Rde1 Rc6 19. R5e2 Rd8 20. f4
Bb4 21. Bd2 Nd5 22. f5 Bxc3 23. fxe6+ Ke7 24. Bxc3 Rxc3 25. bxc3 Nxc3+ 26. Kc2
Nxe2 27. Rxe2 Rd6 28. Kc3 Rxe6 29. Rb2 b6 30. Kd4 Kd7 31. f4 b5 32. f5 Rf6 33.
Ke5 Ke7 34. Rc2 Rb6 35. Rc7+ Kf8 36. Rc8+ Kf7 37. Rc7+ Kg8 38. Rc8+ Kf7 39.
Rc7+ Kg8 1/2-1/2

[Event "4NCL/Div2c/PPA2 vs. BARY"]
[Site "Sunningdale ENG"]
[Date "2010.05.01"]
[Round "9.5"]
[White "McCorry, Robert T"]
[Black "O'Toole, George E"]
[Result "1-0"]
[WhiteElo "2061"]
[BlackElo "2150"]
[PlyCount "57"]
[EventDate "2010.05.01"]
[SourceDate "2009.10.24"]

1. d4 c5 2. d5 Nf6 3. c4 b5 4. Nf3 g6 5. Qc2 bxc4 6. e4 Bg7 7. Bxc4 d6 8. O-O
O-O 9. Re1 Ba6 10. Na3 Nfd7 11. Bf4 Nb6 12. e5 dxe5 13. Nxe5 Bxc4 14. Naxc4
Nxd5 15. Rad1 e6 16. Ne3 Nxe3 17. Rxe3 Qe7 18. Qa4 Rc8 19. Red3 f6 20. Nc4 e5
21. Be3 Nc6 22. Nd6 Rc7 23. Bxc5 Nd4 24. b4 Qe6 25. Nb5 Nxb5 26. Rd8+ Rxd8 27.
Rxd8+ Kf7 28. Qxb5 Qf5 29. Qe8# 1-0

[Event "4NCL/Div2c/PPA2 vs. BARY"]
[Site "Sunningdale ENG"]
[Date "2010.05.01"]
[Round "9.6"]
[White "Hodgson, John H"]
[Black "McMahon, Paul"]
[Result "1-0"]
[WhiteElo "2181"]
[BlackElo "2043"]
[PlyCount "49"]
[EventDate "2010.05.01"]
[SourceDate "2009.10.24"]

1. e4 d5 2. exd5 Qxd5 3. Nc3 Qd6 4. d4 Nf6 5. Nf3 Bg4 6. h3 Bh5 7. g4 Bg6 8.
Ne5 Nd5 9. Bg2 c6 10. O-O Nxc3 11. bxc3 Nd7 12. Nxg6 hxg6 13. Rb1 O-O-O 14. Qf3
f6 15. Bf4 e5 16. Bh2 Qc7 17. Qe4 Bd6 18. Qxg6 exd4 19. Bxd6 Qxd6 20. cxd4 Nf8
21. Qf5+ Qe6 22. Qa5 a6 23. Rxb7 Kxb7 24. Qxd8 Qxa2 25. d5 1-0

[Event "4NCL/Div2c/PPA2 vs. BARY"]
[Site "Sunningdale ENG"]
[Date "2010.05.01"]
[Round "9.7"]
[White "Mountford, Corinne"]
[Black "Sanders, Isaac B"]
[Result "0-1"]
[WhiteElo "1602"]
[BlackElo "1922"]
[PlyCount "73"]
[EventDate "2010.05.01"]
[SourceDate "2009.10.24"]

1. Nf3 Nf6 2. d4 g6 3. Bf4 Bg7 4. e3 d6 5. c4 O-O 6. Nc3 b6 7. Be2 Nbd7 8. h3
c5 9. d5 a6 10. O-O Ne8 11. Qd2 Nc7 12. e4 Rb8 13. Bh6 b5 14. Bxg7 Kxg7 15. b3
Nb6 16. cxb5 axb5 17. Nxb5 Nxb5 18. Bxb5 Nxd5 19. Be2 Nc7 20. Rfd1 Bb7 21. Qe3
Ne6 22. Bc4 Qd7 23. Rd2 Rfd8 24. Rad1 Kg8 25. Ne5 Qc8 26. Ng4 h5 27. Nh2 Kg7
28. f4 Nd4 29. Nf3 Nxf3+ 30. Qxf3 Ba6 31. Qc3+ Kg8 32. Rf2 Bxc4 33. Qxc4 Rb4
34. Qe2 Qe6 35. e5 Rd4 36. Rxd4 cxd4 37. exd6 {White overstepped the time limit
} 0-1

[Event "4NCL/Div2c/PPA2 vs. BARY"]
[Site "Sunningdale ENG"]
[Date "2010.05.01"]
[Round "9.8"]
[White "Ynojosa, Angelica Maria"]
[Black "Turvey-Cross, Imogen AL"]
[Result "1-0"]
[WhiteElo "1753"]
[BlackElo "650"]
[PlyCount "45"]
[EventDate "2010.05.01"]
[SourceDate "2009.10.24"]

1. e4 e5 2. Bc4 Nc6 3. d3 Nf6 4. Nc3 Bc5 5. a3 d6 6. h3 O-O 7. Na4 Be6 8. Ba2
Qe7 9. Nxc5 dxc5 10. Bg5 h6 11. Bh4 Rad8 12. Qc1 Rd7 13. Nf3 Rfd8 14. O-O Bxa2
15. Rxa2 Qe6 16. Ra1 Rd6 17. b3 R8d7 18. Bg3 a6 19. Qe3 b6 20. Rac1 Qe7 21. Nh4
Qd8 22. Nf5 Rxd3 23. cxd3 {Black overstepped the time limit} 1-0

[Event "4NCL/Div2d/WRO2 vs. GUI3"]
[Site "Sunningdale ENG"]
[Date "2010.05.01"]
[Round "9.1"]
[White "Arnott, Jonathan W"]
[Black "Deswarte, Ian"]
[Result "1-0"]
[WhiteElo "2154"]
[BlackElo "1900"]
[PlyCount "57"]
[EventDate "2010.05.01"]
[SourceDate "2009.10.24"]

1. a3 Nf6 2. Nf3 g6 3. d4 Bg7 4. g3 O-O 5. Bg2 d6 6. O-O c6 7. c4 a6 8. Nc3 b5
9. d5 bxc4 10. dxc6 d5 11. Ne5 e6 12. Bf4 Ra7 13. Nxg6 Nxc6 14. Nxf8 Qxf8 15.
e4 Rd7 16. e5 Ne8 17. Qh5 Nc7 18. Na4 Na8 19. Rfd1 Rb7 20. Rac1 Bd7 21. Nc3
Rxb2 22. Nxd5 exd5 23. Bxd5 Nb6 24. Be4 h6 25. Rd6 Nd8 26. Bxh6 Ne6 27. Qf5 Qe7
28. Qh7+ Kf8 29. Qh8# 1-0

[Event "4NCL/Div2d/WRO2 vs. GUI3"]
[Site "Sunningdale ENG"]
[Date "2010.05.01"]
[Round "9.3"]
[White "Lewyk, Ihor"]
[Black "Taylor, Adam A"]
[Result "1-0"]
[WhiteElo "2115"]
[BlackElo "1850"]
[PlyCount "61"]
[EventDate "2010.05.01"]
[SourceDate "2009.10.24"]

1. Nf3 c5 2. e4 Nc6 3. Bb5 e6 4. O-O Nge7 5. Re1 a6 6. Bf1 Ng6 7. c3 Be7 8. d4
cxd4 9. cxd4 d5 10. e5 O-O 11. Nc3 f6 12. Bd3 fxe5 13. dxe5 Nf4 14. Bxf4 Rxf4
15. Qc2 h6 16. a3 Bd7 17. Qd2 Rf8 18. Bc2 Be8 19. Qd3 Rf5 20. Ne2 Bg6 21. Qd1
Rxf3 22. gxf3 Bxc2 23. Qxc2 Nxe5 24. Nd4 Bd6 25. f4 Ng4 26. Nxe6 Qh4 27. f3 Nf6
28. Qg6 Bf8 29. Nxf8 Rxf8 30. Re7 Nh5 31. Rae1 1-0

[Event "4NCL/Div2d/WRO2 vs. GUI3"]
[Site "Sunningdale ENG"]
[Date "2010.05.01"]
[Round "9.4"]
[White "Armour, Philip"]
[Black "Faulks, Nick"]
[Result "1/2-1/2"]
[WhiteElo "1850"]
[BlackElo "2106"]
[PlyCount "67"]
[EventDate "2010.05.01"]
[SourceDate "2009.10.24"]

1. d4 Nf6 2. Nf3 e6 3. e3 c5 4. Bd3 b6 5. O-O Bb7 6. b3 Be7 7. Bb2 d6 8. Nbd2
Nbd7 9. c4 cxd4 10. exd4 O-O 11. Qe2 Re8 12. Rfe1 Bf8 13. Rad1 Qc7 14. Bb1 Rad8
15. Ng5 e5 16. d5 g6 17. f3 Nh5 18. g3 Bc8 19. Nde4 h6 20. Nh3 f5 21. Nef2 Ndf6
22. g4 Ng7 23. g5 hxg5 24. Nxg5 Nh7 25. Nfh3 Nxg5 26. Nxg5 Nh5 27. Qg2 Qg7 28.
h4 Be7 29. Bc1 Bf6 30. Kh2 Rf8 31. Rg1 Rde8 32. Rde1 Bxg5 33. Qxg5 Kh7 34. Rg2
1/2-1/2

[Event "4NCL/Div2d/WRO2 vs. GUI3"]
[Site "Sunningdale ENG"]
[Date "2010.05.01"]
[Round "9.5"]
[White "Webb, Matthew D"]
[Black "Gibbs, Daniel C"]
[Result "1-0"]
[WhiteElo "1999"]
[BlackElo "1858"]
[PlyCount "75"]
[EventDate "2010.05.01"]
[SourceDate "2009.10.24"]

1. e4 g6 2. d4 Bg7 3. Nc3 d6 4. Be3 a6 5. Qd2 Nd7 6. h4 h5 7. Nh3 Ngf6 8. f3 b5
9. Ng5 O-O 10. a4 b4 11. Na2 c5 12. c3 bxc3 13. bxc3 Qa5 14. Nc1 cxd4 15. cxd4
Qxd2+ 16. Kxd2 Rb8 17. Ra2 Nh7 18. a5 Nxg5 19. hxg5 Re8 20. Bd3 e5 21. d5 f6
22. gxf6 Bxf6 23. Ne2 Bd8 24. Rc1 Nf8 25. Rc6 Bb7 26. Bxa6 Bxc6 27. dxc6 Ra8
28. Bc4+ Kg7 29. a6 Ne6 30. Nc3 Nc5 31. Nd5 Ra7 32. Bxc5 dxc5 33. Rb2 Ba5+ 34.
Kc2 Bb4 35. Bb5 Rb8 36. c7 Rc8 37. Bc6 Rxa6 38. Bb7 1-0

[Event "4NCL/Div2d/WRO2 vs. GUI3"]
[Site "Sunningdale ENG"]
[Date "2010.05.01"]
[Round "9.6"]
[White "Waldock, Adrian DP"]
[Black "Whitaker, Thomas R"]
[Result "1/2-1/2"]
[WhiteElo "1850"]
[BlackElo "1954"]
[PlyCount "59"]
[EventDate "2010.05.01"]
[SourceDate "2009.10.24"]

1. Nf3 c5 2. g3 Nc6 3. Bg2 g6 4. c4 Bg7 5. Nc3 Nf6 6. d3 O-O 7. e4 d6 8. h3 Nd7
9. O-O Nde5 10. Ne1 Nd4 11. f4 Nec6 12. Be3 f5 13. Kh2 Kh8 14. Rb1 e5 15. Nd5
Be6 16. a3 Qd7 17. b4 Rae8 18. b5 Ne7 19. Bxd4 exd4 20. Nf3 Nc8 21. Ng5 Bg8 22.
h4 Bxd5 23. cxd5 Bf6 24. Ne6 Rxe6 25. dxe6 Qxe6 26. Qb3 Qxb3 27. Rxb3 fxe4 28.
Bxe4 b6 29. Rbb1 Ne7 30. Rfe1 1/2-1/2

[Event "4NCL/Div2d/WRO2 vs. GUI3"]
[Site "Sunningdale ENG"]
[Date "2010.05.01"]
[Round "9.7"]
[White "Birkin, Mark"]
[Black "Harford, Alun"]
[Result "1-0"]
[WhiteElo "1881"]
[BlackElo "1746"]
[PlyCount "107"]
[EventDate "2010.05.01"]
[SourceDate "2009.10.24"]

1. e4 e6 2. d4 d5 3. e5 c5 4. c3 Nc6 5. Nf3 Nh6 6. Bd3 Qb6 7. O-O Bd7 8. Qe2
cxd4 9. cxd4 a6 10. Nc3 Nxd4 11. Nxd4 Qxd4 12. Rd1 Ng4 13. h3 Nxf2 14. Qxf2
Qxe5 15. Re1 Qd6 16. Bf4 Qc6 17. Kh1 Bc5 18. Qg3 Bd4 19. Rac1 Bf6 20. Ne4 Qb6
21. Nxf6+ gxf6 22. Bd6 e5 23. Bc5 Qe6 24. Qg7 O-O-O 25. Be7+ Kb8 26. Qxf6 Rc8
27. Bd6+ Ka7 28. Bxe5 Rhe8 29. Bd4+ b6 30. Qxe6 fxe6 31. Bxh7 Kb7 32. g4 Rxc1
33. Rxc1 e5 34. Bf2 Rh8 35. Bf5 Bxf5 36. gxf5 Rf8 37. Kg2 d4 38. Kf3 Rxf5+ 39.
Ke2 d3+ 40. Ke3 e4 41. Be1 Rf3+ 42. Kxe4 Rxh3 43. Bd2 b5 44. Rc3 Kb6 45. Be3+
Ka5 46. Rxd3 Rh1 47. Ra3+ Kb4 48. Rxa6 Rh4+ 49. Kd3 Rh1 50. Rc6 Rh3 51. Rc3 Ka4
52. Kc2 Rh2+ 53. Bd2 b4 54. Rc4 1-0

[Event "4NCL/Div2d/WRO2 vs. GUI3"]
[Site "Sunningdale ENG"]
[Date "2010.05.01"]
[Round "9.8"]
[White "Ward, Matthew J"]
[Black "Flint, Martina"]
[Result "0-1"]
[WhiteElo "1705"]
[BlackElo "1770"]
[PlyCount "40"]
[EventDate "2010.05.01"]
[SourceDate "2009.10.24"]

1. d4 f5 2. Nf3 g6 3. c4 Nf6 4. g3 Bg7 5. Bg2 d6 6. O-O O-O 7. Nc3 c6 8. Qc2
Qc7 9. b3 e5 10. dxe5 dxe5 11. Ba3 Re8 12. Rad1 c5 13. Nb5 Qb6 14. Rd6 Nc6 15.
Rfd1 Ne4 16. R6d3 Qa5 17. Nd2 a6 18. Bxe4 fxe4 19. Nxe4 axb5 20. cxb5 Nd4 0-1

[Event "4NCL/Div2d/ANGA vs. BRI1"]
[Site "Sunningdale ENG"]
[Date "2010.05.01"]
[Round "9.1"]
[White "Talsma, Paul A"]
[Black "Rudd, Jack"]
[Result "1/2-1/2"]
[WhiteElo "2246"]
[BlackElo "2267"]
[PlyCount "70"]
[EventDate "2010.05.01"]
[SourceDate "2009.10.24"]

1. d4 Nf6 2. c4 c5 3. d5 b5 4. cxb5 a6 5. bxa6 g6 6. Nc3 Bxa6 7. f4 Bg7 8. Nf3
O-O 9. e4 Bxf1 10. Rxf1 d6 11. e5 Nfd7 12. e6 fxe6 13. Ng5 Qa5 14. Nxe6 Na6 15.
Nxg7 Kxg7 16. Kf2 Nf6 17. Kg1 Nb4 18. f5 c4 19. Qd2 Qc5+ 20. Kh1 Nfxd5 21. Ne4
Qe3 22. Qxe3 Nxe3 23. Bxe3 Nc2 24. Bd2 Nxa1 25. Rxa1 gxf5 26. Nc3 Rfb8 27. Nd5
Kf7 28. Bc3 e6 29. Ne3 d5 30. a3 Rb3 31. Nc2 h5 32. Re1 Rb6 33. Nd4 Rg8 34. Nf3
Ke7 35. h3 Rgb8 1/2-1/2

[Event "4NCL/Div2d/ANGA vs. BRI1"]
[Site "Sunningdale ENG"]
[Date "2010.05.01"]
[Round "9.2"]
[White "Buckley, David E"]
[Black "Munson, Shaun D"]
[Result "0-1"]
[WhiteElo "2274"]
[BlackElo "2172"]
[PlyCount "86"]
[EventDate "2010.05.01"]
[SourceDate "2009.10.24"]

1. d4 d5 2. c4 c6 3. Nc3 dxc4 4. e4 b5 5. a4 b4 6. Na2 Nf6 7. e5 Nd5 8. Bxc4 e6
9. Nf3 Be7 10. O-O O-O 11. Bd2 a5 12. Nc1 Nd7 13. Nb3 h6 14. Qe2 Qb6 15. Rfc1
Ba6 16. Bxa6 Rxa6 17. Rc4 Ra7 18. Rac1 Rc7 19. Nc5 Rfc8 20. Qe4 Nxc5 21. dxc5
Qa6 22. Qg4 Kf8 23. Qg3 Nc3 24. bxc3 Qxc4 25. cxb4 Qd5 26. Qf4 axb4 27. Qxb4
Rd7 28. h4 Rdd8 29. Qf4 Ra8 30. Be3 Kg8 31. Nd2 Qd3 32. Ne4 Rxa4 33. Nf6+ Bxf6
34. Qxa4 Bxe5 35. Qg4 Kh7 36. g3 Bb2 37. Rf1 Rd5 38. Qa4 Be5 39. Kg2 Bxg3 40.
Bxh6 Bxh4 41. Qxh4 gxh6 42. f4 Qe4+ 43. Kg1 Rg5+ 0-1

[Event "4NCL/Div2d/ANGA vs. BRI1"]
[Site "Sunningdale ENG"]
[Date "2010.05.01"]
[Round "9.3"]
[White "Gray, Mark S"]
[Black "Franklin, Michael"]
[Result "1/2-1/2"]
[WhiteElo "2089"]
[BlackElo "2190"]
[PlyCount "50"]
[EventDate "2010.05.01"]
[SourceDate "2009.10.24"]

1. e4 c5 2. Nc3 Nc6 3. f4 e6 4. Nf3 a6 5. g3 Nge7 6. Bg2 d5 7. exd5 Nxd5 8. O-O
Be7 9. Ne5 Nxe5 10. fxe5 Nxc3 11. bxc3 O-O 12. d4 Qc7 13. Be4 cxd4 14. cxd4 Bd7
15. Qh5 g6 16. Qe2 Bb5 17. Bd3 Bxd3 18. Qxd3 Rfd8 19. c3 Rac8 20. Bd2 Bf8 21.
Qf3 Rd7 22. a4 Qc6 23. Qxc6 Rxc6 24. Rfb1 Bg7 25. Ra2 Rcc7 1/2-1/2

[Event "4NCL/Div2d/ANGA vs. BRI1"]
[Site "Sunningdale ENG"]
[Date "2010.05.01"]
[Round "9.4"]
[White "Bennett, Dominic"]
[Black "Player, Edmund C"]
[Result "0-1"]
[WhiteElo "2098"]
[BlackElo "2156"]
[PlyCount "116"]
[EventDate "2010.05.01"]
[SourceDate "2009.10.24"]

1. Nf3 d5 2. d4 Bg4 3. c4 Bxf3 4. gxf3 e6 5. e4 dxc4 6. Bxc4 Nf6 7. Be3 a6 8.
a4 Nc6 9. Nc3 Nb4 10. O-O Be7 11. Qb3 c6 12. a5 Qc7 13. Rfc1 O-O 14. Ne2 c5 15.
dxc5 Nc6 16. Qb6 Qxb6 17. axb6 Nd7 18. Bd3 Nde5 19. Bb1 Nxf3+ 20. Kg2 Nh4+ 21.
Kh1 Bf6 22. Nc3 Rfd8 23. Ba2 Nf3 24. Rd1 Nb4 25. Bc4 Ne5 26. Be2 Nec6 27. Rxd8+
Rxd8 28. Rd1 Rxd1+ 29. Nxd1 Nc2 30. Bf4 e5 31. Bd2 Be7 32. Ne3 N2d4 33. Bg4
Bxc5 34. Nd5 Ne6 35. Kg1 Kf8 36. b4 Bd6 37. Be2 Ke8 38. b5 axb5 39. Bxb5 Kd7
40. Be3 Ned4 41. Bxd4 exd4 42. h4 Ke6 43. h5 h6 44. f3 f5 45. Kf1 fxe4 46. fxe4
Nd8 47. Nc7+ Ke5 48. Bd7 d3 49. Bf5 Bc5 50. Nd5 Nf7 51. Nc7 Nd6 52. Ne6 Nxf5
53. Nxc5 Nd6 54. Ke1 Kd4 55. Ne6+ Kxe4 56. Nxg7 Ke5 57. Kd2 Kf6 58. Kxd3 Kxg7
0-1

[Event "4NCL/Div2d/ANGA vs. BRI1"]
[Site "Sunningdale ENG"]
[Date "2010.05.01"]
[Round "9.5"]
[White "Cook, Michael P"]
[Black "Curtis, John E"]
[Result "1/2-1/2"]
[WhiteElo "2073"]
[BlackElo "2106"]
[PlyCount "28"]
[EventDate "2010.05.01"]
[SourceDate "2009.10.24"]

1. d4 d6 2. e4 Nf6 3. Nc3 e5 4. dxe5 dxe5 5. Qxd8+ Kxd8 6. Nf3 Bd6 7. Bc4 Ke7
8. Bg5 c6 9. h3 Be6 10. Bxe6 Kxe6 11. Bxf6 Kxf6 12. Ke2 Na6 13. Rhd1 Rad8 14.
a3 Bc7 1/2-1/2

[Event "4NCL/Div2d/ANGA vs. BRI1"]
[Site "Sunningdale ENG"]
[Date "2010.05.01"]
[Round "9.6"]
[White "Collier, David O"]
[Black "Merry, Alan B"]
[Result "1-0"]
[WhiteElo "2142"]
[BlackElo "2074"]
[PlyCount "87"]
[EventDate "2010.05.01"]
[SourceDate "2009.10.24"]

1. d4 Nf6 2. Bg5 Ne4 3. Bf4 c5 4. f3 Qa5+ 5. c3 Nf6 6. Nd2 cxd4 7. Nb3 Qb6 8.
Qxd4 Qxd4 9. cxd4 d5 10. g4 Nc6 11. e3 h5 12. g5 Nd7 13. Rc1 a6 14. a3 f6 15.
h4 e5 16. dxe5 fxe5 17. Bg3 Bd6 18. Bd3 Nf8 19. Ne2 Ne6 20. O-O Ne7 21. e4 O-O
22. exd5 Nxd5 23. Bc4 Ne3 24. Rf2 b5 25. Bd3 Bb7 26. Be4 Bxe4 27. fxe4 Nc4 28.
Rc2 Nc5 29. Rxf8+ Rxf8 30. Nxc5 Bxc5+ 31. Kh2 Rf3 32. Bxe5 Rf2+ 33. Kg3 Rxe2
34. Rxe2 Nxe5 35. Rd2 Nc4 36. Rd5 Bf8 37. g6 Nxb2 38. Rd8 Nc4 39. Kf4 Na5 40.
Ra8 Nc6 41. Rxa6 Bd6+ 42. e5 Bxe5+ 43. Kf5 Nb8 44. Re6 1-0

[Event "4NCL/Div2d/ANGA vs. BRI1"]
[Site "Sunningdale ENG"]
[Date "2010.05.01"]
[Round "9.7"]
[White "Gregory, Stephen J"]
[Black "Dilleigh, Stephen P"]
[Result "1-0"]
[WhiteElo "2115"]
[BlackElo "2107"]
[PlyCount "131"]
[EventDate "2010.05.01"]
[SourceDate "2009.10.24"]

1. e4 c5 2. Nf3 e6 3. d3 Nc6 4. g3 d5 5. Nbd2 g6 6. Bg2 Bg7 7. O-O Nge7 8. Re1
b6 9. h3 a5 10. exd5 Nxd5 11. c3 Ba6 12. Nc4 O-O 13. Bd2 Qc7 14. a4 Rad8 15.
Qc2 Rd7 16. Rad1 h6 17. Qc1 Kh7 18. Bf1 Bb7 19. Bg2 Rfd8 20. Nh2 Nde7 21. Ng4
Rxd3 22. Bf4 Rxd1 23. Bxc7 Rxc1 24. Rxc1 Rd7 25. Bxb6 Ba6 26. Nge3 Ne5 27. Nxe5
Bxe5 28. Bxc5 Nd5 29. Nxd5 exd5 30. Rd1 Bc4 31. Bb6 Rb7 32. Bxa5 Rxb2 33. Bxd5
Bb3 34. Rd3 Bxa4 35. Bxf7 Bb5 36. c4 Ba6 37. Re3 Bd4 38. Bc3 Rb7 39. Bxd4 Rxf7
40. f4 Rd7 41. Be5 Bxc4 42. Rc3 Ba6 43. g4 Bb7 44. Rb3 Kg8 45. Kf2 Kf7 46. Ke3
Bd5 47. Rb6 Bc4 48. Rf6+ Ke7 49. Rxg6 Rd3+ 50. Ke4 Rxh3 51. f5 Bf7 52. Ra6 Rh1
53. f6+ Kd7 54. Ra7+ Ke8 55. Kf5 Rf1+ 56. Bf4 Rh1 57. Ra8+ Kd7 58. Rh8 Bb3 59.
Bxh6 Bc2+ 60. Kg5 Rf1 61. Ra8 Ke6 62. Re8+ Kf7 63. Re7+ Kg8 64. Rg7+ Kh8 65. f7
Bh7 66. Rxh7+ 1-0

[Event "4NCL/Div2d/ANGA vs. BRI1"]
[Site "Sunningdale ENG"]
[Date "2010.05.01"]
[Round "9.8"]
[White "Zhang, Roy Y"]
[Black "Wallis, Ian J"]
[Result "1-0"]
[WhiteElo "2010"]
[BlackElo "1982"]
[PlyCount "59"]
[EventDate "2010.05.01"]
[SourceDate "2009.10.24"]

1. d4 d5 2. Nf3 Nf6 3. c4 dxc4 4. e3 Nc6 5. Bxc4 Bg4 6. Qb3 e6 7. Qxb7 Bxf3 8.
gxf3 Na5 9. Bb5+ Ke7 10. Qa6 c6 11. Bd2 cxb5 12. Bb4+ Ke8 13. Qxb5+ Nd7 14.
Qxa5 Qf6 15. f4 Qg6 16. Bxf8 Rxf8 17. Nc3 Qc2 18. O-O Qxb2 19. Rab1 Qc2 20.
Rfc1 Qg6+ 21. Qg5 f6 22. Qxg6+ hxg6 23. Rb7 Ke7 24. Nb5 Rfb8 25. Rxa7 Rxa7 26.
Nxa7 Rb2 27. a3 Kd6 28. e4 Nb8 29. Rc5 Nd7 30. Nc8# 1-0

[Event "4NCL/Div2d/WES1 vs. CELT1"]
[Site "Sunningdale ENG"]
[Date "2010.05.01"]
[Round "9.1"]
[White "Simons, Martin J"]
[Black "Hetey, Laszlo"]
[Result "0-1"]
[WhiteElo "2200"]
[BlackElo "2344"]
[PlyCount "72"]
[EventDate "2010.05.01"]
[SourceDate "2009.10.24"]

1. e4 e5 2. Bc4 Nc6 3. Nf3 Bc5 4. d3 Nf6 5. Nc3 O-O 6. Bg5 h6 7. Bh4 Be7 8.
Bxf6 Bxf6 9. Nd5 Na5 10. Qd2 Nxc4 11. dxc4 d6 12. h3 Be6 13. O-O-O a6 14. g4 b5
15. Rdg1 c6 16. g5 cxd5 17. cxd5 Bd7 18. gxf6 Qxf6 19. Rg3 Qf4 20. Qxf4 exf4
21. Rgg1 Rfe8 22. Re1 Rac8 23. h4 Rc5 24. Nd2 b4 25. Kb1 f5 26. f3 fxe4 27.
fxe4 Rec8 28. Rc1 Bb5 29. h5 Be2 30. Rh3 a5 31. Nb3 Rc4 32. Nxa5 Rxe4 33. Nc6
f3 34. Rh2 Rf8 35. Rf2 Rf5 36. Re1 Rxh5 0-1

[Event "4NCL/Div2d/WES1 vs. CELT1"]
[Site "Sunningdale ENG"]
[Date "2010.05.01"]
[Round "9.2"]
[White "Hoffman, Hendrik"]
[Black "Rutter, Nick J"]
[Result "0-1"]
[WhiteElo "2252"]
[BlackElo "2189"]
[PlyCount "138"]
[EventDate "2010.05.01"]
[SourceDate "2009.10.24"]

1. e4 c5 2. Nf3 Nc6 3. d4 cxd4 4. Nxd4 Nf6 5. Nc3 e5 6. Ndb5 d6 7. Bg5 a6 8.
Na3 b5 9. Nd5 Be7 10. Bxf6 Bxf6 11. c3 Bb7 12. Nc2 Nb8 13. a4 bxa4 14. Rxa4 Nd7
15. Nce3 O-O 16. b4 Bg5 17. Nc4 Nf6 18. Nxf6+ Qxf6 19. Bd3 d5 20. Na5 dxe4 21.
Nxb7 exd3 22. Qxd3 Qc6 23. Nc5 Qxg2 24. Qe4 Qh3 25. Qd3 Qxd3 26. Nxd3 Rfd8 27.
Nc5 Bd2+ 28. Ke2 Bxc3 29. Rc1 Bd4 30. Rxa6 Rab8 31. Ra4 g6 32. Ne4 Rb7 33. Rc6
Kg7 34. Nd6 Rbd7 35. Raa6 Rb8 36. b5 Rxd6 37. Rxd6 Rxb5 38. Ra2 Rb3 39. Kf1 h5
40. Kg2 h4 41. h3 Rd3 42. Rc2 g5 43. Rd7 g4 44. hxg4 h3+ 45. Kh2 Rf3 46. Rd2
Bxf2 47. Rxf2 Rxf2+ 48. Kxh3 Kg6 49. Kg3 Ra2 50. Re7 Ra3+ 51. Kh4 Kf6 52. Re8
Ra7 53. Kg3 Re7 54. Ra8 e4 55. Kf2 Kg5 56. Rg8+ Kf4 57. g5 Ra7 58. Rg7 e3+ 59.
Ke2 Ke4 60. g6 Ra2+ 61. Kf1 f5 62. Rf7 Rf2+ 63. Ke1 Rg2 64. g7 f4 65. Kf1 Rg5
66. Ra7 Kf3 67. Re7 Rg6 68. Rb7 e2+ 69. Ke1 Rg1+ 0-1

[Event "4NCL/Div2d/WES1 vs. CELT1"]
[Site "Sunningdale ENG"]
[Date "2010.05.01"]
[Round "9.3"]
[White "Kawuma, Steven Male"]
[Black "Haldane, Robin W"]
[Result "1-0"]
[WhiteElo "2202"]
[BlackElo "2159"]
[PlyCount "57"]
[EventDate "2010.05.01"]
[SourceDate "2009.10.24"]

1. e4 e5 2. Nf3 Nc6 3. Bb5 a6 4. Ba4 Nf6 5. d3 Bc5 6. c3 b5 7. Bb3 O-O 8. Nbd2
h6 9. h3 d5 10. Qe2 Bb7 11. Nf1 dxe4 12. dxe4 Kh7 13. g4 g6 14. Ng3 Ng8 15. g5
Qe7 16. gxh6 f6 17. Nh4 Qe8 18. Bd5 Nge7 19. Be6 Nd8 20. Bb3 f5 21. Ngxf5 Nxf5
22. exf5 g5 23. Nf3 Bxf3 24. Qxf3 e4 25. Qg4 e3 26. f3 Nf7 27. h4 Ne5 28. Qe4
Qh5 29. Qxe5 1-0

[Event "4NCL/Div2d/WES1 vs. CELT1"]
[Site "Sunningdale ENG"]
[Date "2010.05.01"]
[Round "9.4"]
[White "Pedersen, Carsten"]
[Black "Yeo, Michael J"]
[Result "1/2-1/2"]
[WhiteElo "2157"]
[BlackElo "2152"]
[PlyCount "68"]
[EventDate "2010.05.01"]
[SourceDate "2009.10.24"]

1. e4 Nf6 2. Nc3 e5 3. f4 d5 4. fxe5 Nxe4 5. Nf3 Bc5 6. d4 Bb4 7. Bd2 c5 8. a3
Ba5 9. Bb5+ Nc6 10. dxc5 Bxc3 11. Bxc3 O-O 12. Bxc6 bxc6 13. O-O Qe7 14. Qd4
Bg4 15. Nd2 Nxc3 16. Qxc3 d4 17. Qxd4 Rad8 18. Qe3 Rd5 19. Rae1 Qxc5 20. Qxc5
Rxc5 21. c4 Re8 22. Rf4 Bc8 23. Nf3 Ra5 24. Rd1 Be6 25. Kf2 Kf8 26. h3 Rb8 27.
Rd2 Ke7 28. Rfd4 Ra4 29. Ng5 Bxc4 30. Rd7+ Ke8 31. e6 Bxe6 32. Nxe6 fxe6 33.
Rxg7 Rf4+ 34. Kg3 Rf7 1/2-1/2

[Event "4NCL/Div2d/WES1 vs. CELT1"]
[Site "Sunningdale ENG"]
[Date "2010.05.01"]
[Round "9.5"]
[White "Jenks, Bruce"]
[Black "Josse, Mark"]
[Result "0-1"]
[WhiteElo "2127"]
[BlackElo "2096"]
[PlyCount "72"]
[EventDate "2010.05.01"]
[SourceDate "2009.10.24"]

1. Nf3 d5 2. b3 Nf6 3. Bb2 g6 4. Bxf6 exf6 5. d4 c6 6. g3 Bd6 7. Bg2 Be6 8.
Nbd2 f5 9. c4 Nd7 10. c5 Bc7 11. e3 Nf6 12. b4 Ne4 13. Ne5 a5 14. O-O Bxe5 15.
dxe5 axb4 16. Nb3 Nc3 17. Qd2 Ra3 18. Bf3 Qa8 19. Rfc1 O-O 20. Rxc3 bxc3 21.
Qxc3 Rxa2 22. Rb1 Qa3 23. Qd4 Qa4 24. Qc3 Ra8 25. Kg2 Qa3 26. Qe1 Kg7 27. h4
Ra4 28. h5 Rb2 29. Nd4 Qb4 30. h6+ Kf8 31. Qh1 Rxb1 32. Qh4 Ke8 33. Qf6 Qe1 34.
Kh3 Rxd4 35. exd4 f4+ 36. Kh4 Qxf2 0-1

[Event "4NCL/Div2d/WES1 vs. CELT1"]
[Site "Sunningdale ENG"]
[Date "2010.05.01"]
[Round "9.6"]
[White "French, Angus J"]
[Black "de Coverly, Roger D"]
[Result "1/2-1/2"]
[WhiteElo "2096"]
[BlackElo "2119"]
[PlyCount "55"]
[EventDate "2010.05.01"]
[SourceDate "2009.10.24"]

1. e4 e5 2. Nf3 Nc6 3. d4 exd4 4. Nxd4 Bb4+ 5. c3 Be7 6. Bc4 d6 7. Nxc6 bxc6 8.
O-O Nf6 9. Qb3 O-O 10. f3 d5 11. exd5 cxd5 12. Bd3 c5 13. c4 Be6 14. Nd2 Rb8
15. Qc2 g6 16. Kh1 dxc4 17. Nxc4 Nd5 18. a3 Bf6 19. f4 Nb6 20. Ne3 Nd7 21. Bc4
Bxc4 22. Nxc4 Re8 23. Bd2 Bd4 24. Rae1 Qf6 25. Rxe8+ Rxe8 26. Qd3 Qc6 27. f5
Nf6 28. fxg6 1/2-1/2